[Event "Oberliga Nord W 1516"]
[Site "Germany"]
[Date "2015.11.15"]
[Round "3.8"]
[White "Bauschmann, Christoph"]
[Black "Elbern, Thomas"]
[Result "1-0"]
[WhiteElo "1892"]
[BlackElo "2117"]
[PlyCount "143"]
[EventDate "2015.09.20"]
[EventType "team-tourn"]
[EventRounds "9"]
[EventCountry "GER"]
[SourceTitle "CBM 170 Extra"]
[Source "ChessBase"]
[SourceDate "2016.02.25"]
[SourceVersion "1"]
[SourceVersionDate "2016.02.25"]
[SourceQuality "1"]
[WhiteTeam "Stade"]
[BlackTeam "Oldenburg Union"]
[WhiteTeamCountry "GER"]
[BlackTeamCountry "GER"]

1. e4 c5 2. Nf3 d6 3. Bb5+ Nd7 4. c4 e5 5. Nc3 Ngf6 6. 0-0 Be7 7. Ne1 0-0 8. Nc2 Nb8 9. Ne3 Nc6 10. Ba4 Nd4 11. Bc2 Ne8 12. b3 Bg5 13. Bb2 g6 14. Ncd5 Ng7 15. f4 Bxf4 16. Nxf4 exf4 17. Rxf4 Nge6 18. Rf2 Qg5 19. Nd5 f6 20. Bd3 Bd7 21. Qf1 Kg7 22. Re1 Bc6 23. Re3 Rae8 24. Bb1 Bxd5 25. exd5 Nd8 26. Rg3 Qh5 27. Re3 Qh4 28. Qe1 Re5 29. Rf1 Qg4 30. Rxe5 fxe5 31. Rxf8 Kxf8 32. Bxd4 cxd4 33. Be4 Ke7 34. Bf3 Qf4 35. h3 Nf7 36. Qe2 Ng5 37. d3 Qg3 38. Kf1 b6 39. Be4 Qf4+ 40. Bf3 Qc1+ 41. Qe1 Qf4 42. Qf2 Qc1+ 43. Qe1 Qc2 44. Qe2 Qb1+ 45. Kf2 Qc1 46. Qe1 Qf4 47. Qe2 h5 48. Kf1 Kf6 49. Qf2 Ke7 50. Qe2 a5 51. Qf2 Qc1+ 52. Qe1 Qc2 53. Qe2 Qb1+ 54. Kf2 Qc1 55. Qe1 Qf4 56. Qe2 Kf6 57. Kf1 e4 58. dxe4 Ke5 59. Ke1 Qc1+ 60. Qd1 Nxf3+ 61. gxf3 Qe3+ 62. Qe2 Qc1+ 63. Kf2 Qh1 64. Qf1 Qh2+ 65. Qg2 Qf4 66. Qg3 d3 67. Qxf4+ Kxf4 68. a3 d2 69. Ke2 h4 70. Kxd2 Kxf3 71. e5 dxe5 72. d6 1-0

[Event "GER-chT U16"]
[Site "Naumburg"]
[Date "2010.12.30"]
[Round "7.1"]
[White "Bauschmann, Christoph"]
[Black "Moehn, Hans"]
[Result "1/2-1/2"]
[WhiteElo "1910"]
[BlackElo "1994"]
[PlyCount "60"]
[EventDate "2010.12.27"]
[EventType "team-swiss"]
[EventRounds "7"]
[EventCountry "GER"]
[SourceTitle "CBM 140 Extra"]
[Source "ChessBase"]
[SourceDate "2011.03.01"]
[SourceVersion "1"]
[SourceVersionDate "2011.03.01"]
[SourceQuality "1"]
[WhiteTeam "Stade"]
[BlackTeam "Grossroehrsdorf"]
[WhiteTeamCountry "GER"]
[BlackTeamCountry "GER"]

1. e4 c5 2. Nf3 e6 3. d4 cxd4 4. Nxd4 a6 5. Bd3 Bc5 6. Nb3 Ba7 7. 0-0 Nc6 8. Qe2 d6 9. Nc3 Nge7 10. Bd2 0-0 11. Kh1 e5 12. Be3 Be6 13. Bxa7 Rxa7 14. Rad1 b5 15. Nd5 Kh8 16. c4 bxc4 17. Bxc4 a5 18. Nxe7 Qxe7 19. Bxe6 Qxe6 20. Qb5 Rc8 21. Rc1 a4 22. Rxc6 Rxc6 23. Qxc6 axb3 24. a4 Qd7 25. Rc1 g6 26. Qxd7 Rxd7 27. g3 d5 28. exd5 Rxd5 29. Rc3 Rd4 30. Rxb3 Rxa4 1/2-1/2

[Event "Dortmund Sparkassen op-A"]
[Site "Dortmund"]
[Date "2010.07.24"]
[Round "8"]
[White "Bauschmann, Christoph"]
[Black "Carrasco, Paul"]
[Result "1/2-1/2"]
[WhiteElo "1871"]
[BlackElo "2038"]
[PlyCount "81"]
[EventDate "2010.07.17"]
[EventType "swiss"]
[EventRounds "9"]
[EventCountry "GER"]
[SourceTitle "CBM 137 Extra"]
[Source "ChessBase"]
[SourceDate "2010.09.01"]
[SourceVersion "1"]
[SourceVersionDate "2010.09.01"]
[SourceQuality "1"]

1. e4 Nf6 2. e5 Nd5 3. d4 d6 4. c4 Nb6 5. exd6 cxd6 6. Be3 g6 7. Nc3 Bg7 8. Rc1 0-0 9. Be2 Nc6 10. h3 d5 11. c5 Nc4 12. Bxc4 dxc4 13. Nf3 Bf5 14. 0-0 Bd3 15. Re1 Re8 16. b3 Nxd4 17. bxc4 Nf5 18. Qb3 Nxe3 19. Rxe3 Bh6 20. Rd1 Bxe3 21. fxe3 e5 22. Ne4 Bxe4 23. Rxd8 Raxd8 24. Qb2 f6 25. Nd2 Bc6 26. Nb3 Rd1+ 27. Kh2 Red8 28. Qe2 a5 29. Qg4 f5 30. Qg3 a4 31. Na5 Be4 32. Qxe5 Kf7 33. h4 R8d2 34. Qc7+ Rd7 35. Qb8 R1d2 36. Qh8 Rxg2+ 37. Kh3 h5 38. Qh7+ Ke6 39. Qg8+ Ke7 40. Qg7+ Kd8 41. Qh8+ 1/2-1/2

[Event "Niedersachsen-ch U16"]
[Site "Rotenburg"]
[Date "2009.04.06"]
[Round "4"]
[White "Bauschmann, Christoph"]
[Black "Reinkemeier, Fabian"]
[Result "1-0"]
[WhiteElo "1824"]
[BlackElo "1618"]
[PlyCount "49"]
[EventDate "2009.04.04"]
[EventType "swiss"]
[EventRounds "9"]
[EventCountry "GER"]
[SourceTitle "EXT 2010"]
[Source "ChessBase"]
[SourceDate "2010.11.25"]
[SourceVersion "1"]
[SourceVersionDate "2010.11.25"]
[SourceQuality "1"]

1. e4 g6 2. d4 d6 3. f4 Bg7 4. Nc3 c6 5. Nf3 Bg4 6. Be3 Nd7 7. h3 Bxf3 8. Qxf3 e5 9. dxe5 dxe5 10. f5 Ngf6 11. Bc4 Nb6 12. Bb3 Qc7 13. 0-0-0 Rf8 14. Bc5 Rh8 15. Bd6 Qc8 16. Bxe5 gxf5 17. exf5 Nbd7 18. Bd6 Bf8 19. Rhe1+ Kd8 20. Bxf7 Bxd6 21. Rxd6 Rf8 22. Be6 Re8 23. Red1 Re7 24. Ne4 Nxe4 25. Qxe4 1-0

[Event "GER-chT U14"]
[Site "Verden"]
[Date "2008.12.27"]
[Round "1.1"]
[White "Bauschmann, Christoph"]
[Black "Paeltz, Sebastian"]
[Result "0-1"]
[WhiteElo "1874"]
[BlackElo "1789"]
[PlyCount "60"]
[EventDate "2008.12.27"]
[EventType "team-swiss"]
[EventRounds "7"]
[EventCountry "GER"]
[SourceTitle "EXT 2010"]
[Source "ChessBase"]
[SourceDate "2010.11.25"]
[SourceVersion "1"]
[SourceVersionDate "2010.11.25"]
[SourceQuality "1"]
[WhiteTeam "Stade"]
[BlackTeam "Jena"]
[WhiteTeamCountry "GER"]
[BlackTeamCountry "GER"]

1. e4 e5 2. Nf3 Nc6 3. Bb5 a6 4. Ba4 Nf6 5. 0-0 b5 6. Bb3 Be7 7. Re1 0-0 8. d4 d6 9. c3 exd4 10. cxd4 Bg4 11. e5 Bxf3 12. gxf3 dxe5 13. dxe5 Qxd1 14. Bxd1 Nd7 15. f4 Nb4 16. Bg4 Nc2 17. Re2 Nxa1 18. Bxd7 Rad8 19. e6 b4 20. Kf1 fxe6 21. Bxe6+ Kh8 22. Ke1 Rd6 23. Bg4 Rc6 24. Kd1 Rd8+ 25. Bd2 Bf6 26. Bd7 Rc2 27. b3 Rxa2 28. Re8+ Rxe8 29. Bxe8 Rb2 30. Kc1 Nxb3+ 0-1

[Event "Niedersachsen-ch U14"]
[Site "Rotenburg"]
[Date "2008.03.17"]
[Round "4"]
[White "Krause, Maximilian"]
[Black "Bauschmann, Christoph"]
[Result "0-1"]
[WhiteElo "1405"]
[BlackElo "1609"]
[PlyCount "98"]
[EventDate "2008.03.15"]
[EventType "swiss"]
[EventRounds "9"]
[EventCountry "GER"]
[SourceTitle "EXT 2009"]
[Source "ChessBase"]
[SourceDate "2008.11.26"]
[SourceVersion "1"]
[SourceVersionDate "2008.11.26"]
[SourceQuality "1"]

1. d4 d5 2. c4 c6 3. e3 Nf6 4. Nc3 e6 5. Nf3 Nbd7 6. Bd3 Bd6 7. cxd5 cxd5 8. Nb5 Be7 9. Bd2 a6 10. Nc3 0-0 11. 0-0 b5 12. a4 b4 13. Na2 a5 14. Nc1 Qb6 15. Nb3 Ba6 16. Qe2 Bxd3 17. Qxd3 Rfc8 18. Rfc1 Ne4 19. Be1 Nd6 20. Nbd2 Qb7 21. Ne5 f6 22. Nxd7 Qxd7 23. f3 Ra7 24. Nb3 Nc4 25. Qe2 Rac7 26. Bg3 Rc6 27. e4 Bd8 28. Nc5 Qe7 29. b3 Nd6 30. Re1 dxe4 31. fxe4 Bb6 32. Rad1 Bxc5 33. dxc5 Nb7 34. Qb5 Qxc5+ 35. Qxc5 Nxc5 36. Re3 e5 37. Rd5 Kf7 38. Rf3 Nxe4 39. h3 Rc5 40. Rxe5 Nxg3 41. Rxc5 Rxc5 42. Rxg3 Rc3 43. Rf3 Rxf3 44. gxf3 Ke6 45. Kf2 Kd5 46. Ke3 g5 47. Kd3 f5 48. Ke3 h5 49. Kd3 g4 0-1

[Event "Niedersachsen-ch U14"]
[Site "Rotenburg"]
[Date "2008.03.16"]
[Round "3"]
[White "Bauschmann, Christoph"]
[Black "Rieping, Heiner"]
[Result "0-1"]
[WhiteElo "1609"]
[BlackElo "1717"]
[PlyCount "82"]
[EventDate "2008.03.15"]
[EventType "swiss"]
[EventRounds "9"]
[EventCountry "GER"]
[SourceTitle "EXT 2009"]
[Source "ChessBase"]
[SourceDate "2008.11.26"]
[SourceVersion "1"]
[SourceVersionDate "2008.11.26"]
[SourceQuality "1"]

1. e4 e6 2. d4 d5 3. Nc3 Bb4 4. e5 c5 5. a3 cxd4 6. Qxd4 Bf8 7. f4 Ne7 8. Bd3 Nbc6 9. Qf2 Ng6 10. Nf3 Be7 11. Be3 Nh4 12. Nd4 Qb6 13. 0-0-0 Qa5 14. Ndb5 0-0 15. Rhg1 Ng6 16. g3 Bd7 17. Nd4 Bxa3 18. Nxc6 Qxc3 19. bxa3 Bxc6 20. Bc5 a5 21. Bxf8 Nxf8 22. Qb6 Qxa3+ 23. Kd2 Nd7 24. Qb3 Qe7 25. Ra1 Qc5 26. Qc3 Qf2+ 27. Be2 Nc5 28. Qe3 Ne4+ 29. Kd3 Bb5+ 30. Kd4 Qxe2 31. Qxe2 Bxe2 32. Rge1 Bb5 33. Reb1 Bc6 34. Rb6 Nd2 35. Ra2 Nf3+ 36. Ke3 Nxh2 37. Ra1 Ng4+ 38. Kf3 h5 39. Rab1 a4 40. Ra1 Nh6 41. Ke3 Nf5+ 0-1

[Event "Niedersachsen-ch"]
[Site "Verden"]
[Date "2008.01.06"]
[Round "7"]
[White "Zotin, Vladimir"]
[Black "Bauschmann, Christoph"]
[Result "1-0"]
[WhiteElo "1996"]
[BlackElo "1632"]
[PlyCount "101"]
[EventDate "2008.01.03"]
[EventType "swiss"]
[EventRounds "7"]
[EventCountry "GER"]
[SourceTitle "EXT 2010"]
[Source "ChessBase"]
[SourceDate "2010.11.25"]
[SourceVersion "1"]
[SourceVersionDate "2010.11.25"]
[SourceQuality "1"]

1. g3 d5 2. Bg2 Nf6 3. d3 Bf5 4. c4 c6 5. cxd5 cxd5 6. Qb3 Qc7 7. Nc3 e6 8. e4 dxe4 9. g4 Bxg4 10. dxe4 e5 11. Nd5 Nxd5 12. exd5 Bd6 13. Qg3 Bb4+ 14. Bd2 Bxd2+ 15. Kxd2 Qa5+ 16. Qc3 Qxc3+ 17. bxc3 Nd7 18. Ne2 Nc5 19. Rhe1 0-0 20. Nc1 f6 21. Nb3 Rac8 22. Re3 b6 23. c4 Rf7 24. Rc1 Rfc7 25. Bf1 Bf5 26. f3 Bg6 27. Nxc5 Rxc5 28. Ra3 R8c7 29. Rac3 Bf7 30. Bh3 b5 31. d6 R7c6 32. d7 Rd6+ 33. Rd3 Rxd3+ 34. Kxd3 bxc4+ 35. Ke3 Rd5 36. Rxc4 g6 37. Rc8+ Kg7 38. d8Q Rxd8 39. Rxd8 Bxa2 40. Rd7+ Kh6 41. Rxa7 Bd5 42. f4 exf4+ 43. Kxf4 Bc4 44. Rc7 Bd5 45. Rc5 Ba2 46. Bg2 Bb3 47. Bd5 Bxd5 48. Rxd5 Kg7 49. Rd7+ Kg8 50. h3 h6 51. Ke4 1-0

[Event "Niedersachsen-ch"]
[Site "Verden"]
[Date "2008.01.03"]
[Round "1"]
[White "Bauschmann, Christoph"]
[Black "Borrink, Joern"]
[Result "0-1"]
[WhiteElo "1632"]
[BlackElo "2050"]
[PlyCount "84"]
[EventDate "2008.01.03"]
[EventType "swiss"]
[EventRounds "7"]
[EventCountry "GER"]
[SourceTitle "EXT 2010"]
[Source "ChessBase"]
[SourceDate "2010.11.25"]
[SourceVersion "1"]
[SourceVersionDate "2010.11.25"]
[SourceQuality "1"]

1. e4 e5 2. Nf3 Nc6 3. Bb5 a6 4. Ba4 Nf6 5. 0-0 Be7 6. Re1 b5 7. Bb3 d6 8. c3 0-0 9. h3 Na5 10. Bc2 c5 11. d4 Qc7 12. d5 Ne8 13. g4 g6 14. Bh6 Ng7 15. Kh2 f6 16. Rg1 Rf7 17. Nbd2 Bd7 18. Nf1 Bf8 19. Qd2 Nc4 20. Qc1 Kh8 21. b3 Nb6 22. Rg3 c4 23. b4 a5 24. a3 Qa7 25. Rb1 axb4 26. axb4 Qa3 27. Qxa3 Rxa3 28. Bd1 Bc8 29. Rc1 Nf5 30. gxf5 Bxh6 31. fxg6 hxg6 32. Nh4 Bxc1 33. Nxg6+ Kh7 34. Bh5 Rg7 35. Nf8+ Kg8 36. Ng6 Bf4 37. Ne7+ Kf8 38. Ng6+ Rxg6 39. Bxg6 Rxc3 40. h4 Bxg3+ 41. Nxg3 Rxg3 42. fxg3 c3 0-1

[Event "Niedersachsen-chT U14"]
[Site "Stade"]
[Date "2007.05.20"]
[Round "7.3"]
[White "Stickler, Peter Michael"]
[Black "Bauschmann, Christoph"]
[Result "0-1"]
[WhiteElo "1205"]
[BlackElo "1435"]
[PlyCount "88"]
[EventDate "2007.05.17"]
[EventType "team-tourn"]
[EventRounds "7"]
[EventCountry "GER"]
[SourceTitle "EXT 2008"]
[Source "ChessBase"]
[SourceDate "2007.11.25"]
[SourceVersion "1"]
[SourceVersionDate "2007.11.25"]
[SourceQuality "1"]

1. e4 c5 2. Nf3 Nc6 3. d4 cxd4 4. Nxd4 g6 5. Nxc6 bxc6 6. Be3 Bg7 7. c3 Nf6 8. f3 0-0 9. Bd3 Qc7 10. Qc2 Rb8 11. Nd2 d6 12. 0-0 Bd7 13. Rfb1 a5 14. a3 Rfd8 15. b4 d5 16. Ra2 dxe4 17. Nxe4 Nd5 18. Bc5 Bf5 19. Bd4 Bxd4+ 20. cxd4 axb4 21. axb4 Nxb4 22. Rxb4 Rxb4 23. Ra4 Rbxd4 24. Rxd4 Rxd4 25. Nf2 Bxd3 26. Nxd3 Qb6 27. Kf1 Qb5 28. Ke2 Kf8 29. Ke3 Qxd3+ 30. Qxd3 Rxd3+ 31. Kxd3 Ke8 32. Kc4 Kd7 33. Kc5 Kc7 34. f4 Kd7 35. g3 Kc7 36. g4 Kd7 37. h3 Kc7 38. h4 Kd7 39. f5 gxf5 40. gxf5 h5 41. Kd4 Kd6 42. Kc4 Ke5 43. Kc5 Kxf5 44. Kxc6 Kg4 0-1

[Event "Niedersachsen-chT U14"]
[Site "Stade"]
[Date "2007.05.19"]
[Round "6.3"]
[White "Bauschmann, Christoph"]
[Black "Hermann, Kai"]
[Result "1-0"]
[WhiteElo "1435"]
[BlackElo "1148"]
[PlyCount "123"]
[EventDate "2007.05.17"]
[EventType "team-tourn"]
[EventRounds "7"]
[EventCountry "GER"]
[SourceTitle "EXT 2008"]
[Source "ChessBase"]
[SourceDate "2007.11.25"]
[SourceVersion "1"]
[SourceVersionDate "2007.11.25"]
[SourceQuality "1"]

1. e4 e5 2. Nf3 Nc6 3. Bc4 Nf6 4. d3 h6 5. h3 Bc5 6. c3 0-0 7. Be3 Bb6 8. 0-0 d6 9. Nbd2 Re8 10. Qc2 Ne7 11. Rfe1 Ng6 12. Nf1 Be6 13. Bb3 Re7 14. Ng3 Rc8 15. Rad1 Bxe3 16. fxe3 c5 17. Bxe6 fxe6 18. Qb3 Kh8 19. d4 exd4 20. exd4 Nf8 21. e5 c4 22. Qb4 Ne8 23. exd6 Nxd6 24. Ne5 Qc7 25. Rf1 a6 26. Qc5 Kg8 27. Qxc7 Rexc7 28. d5 Rc5 29. Rxf8+ Kxf8 30. Nd7+ Ke7 31. Nxc5 Rxc5 32. dxe6 Kxe6 33. Rxd6+ Kxd6 34. Ne4+ Kd5 35. Nxc5 Kxc5 36. Kf2 b5 37. Ke3 a5 38. Kd2 b4 39. cxb4+ Kxb4 40. Kc2 a4 41. a3+ Kb5 42. Kd2 Kc6 43. Ke3 Kc5 44. Ke4 c3 45. bxc3 Kc4 46. Kf5 Kxc3 47. Kg6 Kb3 48. Kxg7 Kxa3 49. Kxh6 Kb2 50. g4 a3 51. g5 a2 52. g6 a1Q 53. g7 Qc1+ 54. Kh7 Qc2+ 55. Kh8 Qc3 56. h4 Kb3 57. h5 Kc4 58. h6 Kd5 59. Kh7 Qc8 60. g8Q+ Qe6 61. Qxe6+ Kxe6 62. Kg6 1-0

[Event "Niedersachsen-chT U14"]
[Site "Stade"]
[Date "2007.05.19"]
[Round "5.3"]
[White "Choufatinski, Dimitri"]
[Black "Bauschmann, Christoph"]
[Result "0-1"]
[WhiteElo "1224"]
[BlackElo "1435"]
[PlyCount "68"]
[EventDate "2007.05.17"]
[EventType "team-tourn"]
[EventRounds "7"]
[EventCountry "GER"]
[SourceTitle "EXT 2008"]
[Source "ChessBase"]
[SourceDate "2007.11.25"]
[SourceVersion "1"]
[SourceVersionDate "2007.11.25"]
[SourceQuality "1"]

1. e4 c5 2. Nf3 d6 3. d4 cxd4 4. Nxd4 Nf6 5. Nc3 g6 6. Be3 Bg7 7. f3 0-0 8. Qd2 Nc6 9. g4 Re8 10. h4 h5 11. g5 Nd7 12. f4 Nb6 13. Nxc6 bxc6 14. 0-0-0 Qc7 15. Be2 Bb7 16. f5 Rad8 17. Rhg1 Bc8 18. f6 Bf8 19. Bxh5 gxh5 20. g6 exf6 21. g7 Bxg7 22. Bh6 Bg4 23. Rdf1 Qe7 24. Bxg7 Kxg7 25. Qf4 Qe6 26. Rf2 d5 27. Re1 d4 28. Ne2 d3 29. cxd3 Rxd3 30. Nc3 Rd4 31. Qg3 Nd7 32. b3 Nc5 33. Rd2 Rxd2 34. Kxd2 Rd8+ 0-1

[Event "Niedersachsen-ch U14"]
[Site "Rotenburg/Wuemme"]
[Date "2007.04.04"]
[Round "6"]
[White "Bauschmann, Christoph"]
[Black "Konow, Philipp"]
[Result "0-1"]
[WhiteElo "1351"]
[BlackElo "1744"]
[PlyCount "62"]
[EventDate "2007.03.31"]
[EventType "swiss"]
[EventRounds "9"]
[EventCountry "GER"]
[SourceTitle "EXT 2008"]
[Source "ChessBase"]
[SourceDate "2007.11.25"]
[SourceVersion "1"]
[SourceVersionDate "2007.11.25"]
[SourceQuality "1"]

1. e4 c5 2. Nc3 Nc6 3. g3 e5 4. Bg2 d6 5. d3 g5 6. Nd5 Bg7 7. Ne2 f6 8. Nec3 Be6 9. Be3 Nh6 10. h4 g4 11. Qd2 Nf7 12. f4 h5 13. f5 Bd7 14. 0-0 Bh6 15. Bxh6 Nxh6 16. Nb5 Rb8 17. Nxd6+ Kf8 18. Nc4 Kg7 19. c3 b5 20. Nce3 Nf7 21. Nc2 b4 22. cxb4 cxb4 23. Kh2 b3 24. axb3 Rxb3 25. Rfb1 Qb8 26. Ra2 Qb5 27. Bf1 Nd4 28. Nxd4 exd4 29. Qf2 Ne5 30. Qxd4 Nf3+ 31. Kg2 Nxd4 0-1